00257nam a2200085Ia 4500008004100000041000800041100001900049245006600068260003700134241105s9999 xx 000 0 und d aeng aDusane Meghana aWaste Management Of Mahatma Phule Mandai And Surrounding Area bM.Arch Environmental, Punec2014